Sandman (The) / (Record no. 102418)
[ view plain ]
| 000 -LEADER | |
|---|---|
| fixed length control field | 00646nam a2200181 a 4500 |
| 005 - DATE AND TIME OF LATEST TRANSACTION | |
| control field | 20140412111235.0 |
| 008 - FIXED-LENGTH DATA ELEMENTS--GENERAL INFORMATION | |
| fixed length control field | 010531s19uu xx 00 eng d |
| 020 ## - INTERNATIONAL STANDARD BOOK NUMBER | |
| International Standard Book Number | 0-374-46450-2 |
| 050 ## - LIBRARY OF CONGRESS CALL NUMBER | |
| Classification number | TR(PS E |
| Item number | Sa5 1989 |
| 100 ## - MAIN ENTRY--PERSONAL NAME | |
| Personal name | Shepperson, Rob |
| 245 ## - TITLE STATEMENT | |
| Title | Sandman (The) / |
| Statement of responsibility, etc | Rob Shepperson. |
| 260 ## - PUBLICATION, DISTRIBUTION, ETC. (IMPRINT) | |
| Place of publication, distribution, etc | Canada : |
| Name of publisher, distributor, etc | HarperCollins, |
| Date of publication, distribution, etc | 1v. (unp.) ; ill. |
| 300 ## - PHYSICAL DESCRIPTION | |
| Extent | 1v. (unp.) ; ill. |
| 520 ## - SUMMARY, ETC. | |
| Summary, etc | When Jay decides to stay up and see if the Sandman is real, he doesn't have to wait long. And once the boisterous fun begins, who knows if he'll ever go to sleep! |
| 650 ## - SUBJECT ADDED ENTRY--TOPICAL TERM | |
| Topical term or geographic name as entry element | Dreams-Fiction |
| 650 ## - SUBJECT ADDED ENTRY--TOPICAL TERM | |
| Topical term or geographic name as entry element | Children's stories |
| Withdrawn status | Lost status | Damaged status | Use restrictions | Home library | Current library | Shelving location | Date acquired | Source of acquisition | Cost, normal purchase price | Total Checkouts | Full call number | Barcode | Date last seen | Price effective from | Koha item type |
|---|---|---|---|---|---|---|---|---|---|---|---|---|---|---|---|
| Elizalde Library | Elizalde Library | Teachers Reference Section | 05/31/2001 | 65.60 | TR(PS E Sa5 1989 | E1669 | 04/12/2014 | 04/12/2014 | Books |